Svět a pojištění

Vplyv ekonomického vývoja a vývoja na finančných trhoch na poistný trh. Príčiny nárastu poistného. Faktory ovplyvňujúce vývoj svetového poistného trhu. Charakteristika predpísaného poistného.

Gespeichert in:
Bibliographische Detailangaben
1. Verfasser: Ducháčková, Eva
Format: Buchkapitel
Sprache:Tschechisch
Schlagworte:
Tags: Tag hinzufügen
Keine Tags, Fügen Sie das erste Tag hinzu!

MARC

LEADER 00000naa$a2200000$$$4500
001 0050000
005 20231010090004.0
041 0 |a cze 
044 |a CZ 
245 1 0 |a Svět a pojištění  |c Eva Ducháčková 
520 |a Vplyv ekonomického vývoja a vývoja na finančných trhoch na poistný trh. Príčiny nárastu poistného. Faktory ovplyvňujúce vývoj svetového poistného trhu. Charakteristika predpísaného poistného. 
610 2 0 |a krajiny vyspelé 
610 2 0 |a vývoj cenový 
610 2 0 |a poistenie neživotné 
610 2 0 |a poistenie životné 
610 2 0 |a poistné 
610 2 0 |a trh poistný 
610 2 0 |a poisťovníctvo 
100 1 |a Ducháčková, Eva